Country Quiz: Timor-Leste 🇹🇱 - Statistics

General Stats
  • This quiz has been taken 13 times
  • The average score is 14 of 23
Answer Stats
Hint Answer % Correct
Time zones 1 (UTC+9)
100%
Between 1975-1999, Timor-Leste was invaded and controlled by this country, and ruled by this infamous dictator Indonesia
100%
Bordering countries Indonesia
100%
Main Religion Christianity
90%
Capital Dili
90%
Between 1942-45, this country conquered and ruled Timor-Leste during WWII (1939-1945) Japan
90%
Between 1702-1970s, this country colonised and ruled Timor-Leste Portugal
90%
Timor sea
90%
Independence 2002
80%
Bordering Oceans Indian ocean
80%
Language Portuguese
80%
Currency Dollar
70%
Nationality Timorese
70%
Tetum
60%
Main Export (goods) Oil
50%
State-Condition Republic
50%
Climate Tropical
50%
Suharto
40%
Banda sea
20%
Second-Largest City Baucau
10%
Bordering Seas Arafura sea
0%
The acting bishop of Timor-Leste who was awarded the nobel peace prize for his part in Timor Leste's struggle for independence Carlos Belo
0%
Founding Father and Most Famous Leader (2002-07 & 2007-15 and 2023-) Xanana Gusmão
0%
No matching quizzes found
Score Distribution
Percent of People with Each Score
Percentile by Number Answered
Your Score History
You have not taken this quiz